00901cam a2200253 a 450000500170000002000440001702000280006104000360008908200120012510000190013724500830015625000120023926000410025130000510029244000200034350400660036365000140042965000310044370000220047470000200049694200070051699900170052395201070054020251006131623.0 a9780073511726 (alk. paper)cTZs.10000/- a0073511722 (alk. paper) aMCCLbeng.eAACR 2nd. ed. rev.b00a650 FER1 aFerrell, O. C.10aBusiness :ba changing world /cO.C. Ferrell, Geoffrey A. Hirt, Linda Ferrell. a7th ed. aBoston :bMcGraw-Hill Irwin,cc2009. axxxiv, 588 p. :bill. (chiefly col.) ;c26 cm. abusiness market aIncludes bibliographical references (p. 532-551) and indexes. 0aBusiness. 0aManagementzUnited States.1 aHirt, Geoffrey A.1 aFerrell, Linda. cBK c12097d12097 00104070aMU002bMU002d2013-03-01eTBSTl0o650 FERp003149r2025-10-06 13:18:58t1w2025-10-06yBK